书目信息 |
| 题名: |
地籍管理
|
|
| 作者: | 孙忠才 主编 | |
| 分册: | ||
| 出版信息: | 北京 中国大地出版社 1999.07 |
|
| 页数: | 215页 | |
| 开本: | 18cm | |
| 丛书名: | ||
| 单 册: | ||
| 中图分类: | P27 | |
| 科图分类: | ||
| 主题词: | 地籍学 | |
| 电子资源: | ||
| ISBN: | 7-80097-313-1 | |
| 000 | 00528nam0 2200193 45 | |
| 001 | 0434266611 | |
| 005 | 2004060909310587 | |
| 010 | @a7-80097-313-1@dCNY 9.00 | |
| 100 | @a20040609d1999 km y0chiy0120 ea | |
| 101 | 0 | @achi |
| 102 | @aCN@b110000 | |
| 200 | 1 | @a地籍管理@ADi Ji Guan Li@f孙忠才主编@FSun Zhong Cai Zhu Bian |
| 210 | @a北京@c中国大地出版社@d1999.07 | |
| 215 | @a215页@d18cm | |
| 606 | 0 | @a地籍学 |
| 690 | @aP27@v3 | |
| 701 | 0 | @a孙忠才@ASun Zhong Cai@4主编 |
| 801 | 0 | @aCN@bPFT@c20040609 |
| 905 | @a安徽大学@dP27@eS980 | |
| 地籍管理/孙忠才主编.-北京:中国大地出版社,1999.07 |
| 215页;18cm |
| ISBN 7-80097-313-1:CNY 9.00 |
| ● |
| 相关链接 |
|
|
|
正题名:地籍管理
索取号:P27/S980
 
预约/预借
| 序号 | 登录号 | 条形码 | 馆藏地/架位号 | 状态 | 备注 |
| 1 | 379220 | 203792208 | 社科二线400B/400B社科库 2排2列6层/ [索取号:P27/S980] | 在馆 | |
| 2 | 379221 | 203792217 | 自科库401/401自科库 124排1列3层/ [索取号:P27/S980] | 在馆 | |
| 3 | 379222 | 203792226 | 社科二线400B/401自科库 119排1列1层/ [索取号:P27/S980] | 在馆 | |
| 4 | 379223 | 203792235 | 社科二线400B/401自科库 119排1列1层/ [索取号:P27/S980] | 在馆 | |
| 5 | 379224 | 203792244 | 自科库401/401自科库 118排1列3层/ [索取号:P27/S980] | 在馆 |